A case study of a warehouse to office conversion (synopsis only) (Record no. 99103)
[ view plain ]
| 000 -LEADER | |
|---|---|
| fixed length control field | 00526cam a2200181 4500 |
| 001 - CONTROL NUMBER | |
| control field | D11474 |
| 008 - FIXED-LENGTH DATA ELEMENTS--GENERAL INFORMATION | |
| fixed length control field | 090401t xxu||||| |||| 00| 0 eng d |
| 035 ## - SYSTEM CONTROL NUMBER | |
| System control number | (Sirsi) u98145 |
| 041 ## - LANGUAGE CODE | |
| Language code of text/sound track or separate title | eng |
| 050 ## - LIBRARY OF CONGRESS CALL NUMBER | |
| Classification number | 696.9 |
| 100 ## - MAIN ENTRY--PERSONAL NAME | |
| Personal name | Scott-Beckett, A. |
| 245 #2 - TITLE STATEMENT | |
| Title | A case study of a warehouse to office conversion (synopsis only) |
| 350 ## - PRICE (NR) (BK AM CF MU VM SE) [OBSOLETE] | |
| Price | 0 |
| 520 ## - SUMMARY, ETC. | |
| Summary, etc. | In RICS. Energy conservation in buildings. Building Surveyors Division conference... Feb. 1979. 1979/6ABC |
| 700 ## - ADDED ENTRY--PERSONAL NAME | |
| Personal name | Boulton, A.L. |
| 942 ## - ADDED ENTRY ELEMENTS (KOHA) | |
| Suppress in OPAC | 0 |
| 948 ## - LOCAL PROCESSING INFORMATION (OCLC); SERIES PART DESIGNATOR (RLIN) | |
| c (OCLC) | 04/03/1997 |
| Withdrawn status | Lost status | Source of classification or shelving scheme | Damaged status | Not for loan | Home library | Current library | Shelving location | Date acquired | Total Checkouts | Full call number | Barcode | Date last seen | Copy number | Price effective from | Koha item type |
|---|---|---|---|---|---|---|---|---|---|---|---|---|---|---|---|
| Other/Generic Classification Scheme | London | London | RICS Boxes | 23/04/2001 | RICS 1979/6 | 98145-1001 | 06/08/2019 | 1 | 06/08/2019 | Reference material |